UFC 327 Full Card - Statistics

General Stats
  • This quiz has been taken 14 times
  • The average score is 13 of 24
Answer Stats
Spot M/W Nationality Answer % Correct
Main Event M New Zealand Carlos Ulberg
100%
Main Event M Czech Republic Jiří Procházka
100%
Main Card M USA Curtis Blaydes
73%
Main Card M USA Josh Hokit
73%
Main Card M Brazil Paulo Costa
73%
Main Card M Russia Azamat Murzakanov
64%
Main Card M USA Dominick Reyes
64%
Main Card M Brazil Johnny Walker
64%
Prelim M USA Aaron Pico
45%
Main Card M USA Cub Swanson
45%
Prelim M Argentina Esteban Ribovics
45%
Early Prelim M USA Kelvin Gastelum
45%
Prelim M USA Kevin Holland
45%
Prelim M Poland Mateusz Gamrot
45%
Main Card M USA Nate Landwehr
45%
Prelim M Brazil Patricio Pitbull
45%
Prelim M Jamaica Randy Brown
45%
Early Prelim M Brazil Vicente Luque
45%
Early Prelim M USA Charles Radtke
36%
Early Prelim M USA Chris Padilla
36%
Early Prelim M Argentina Francisco Prado
36%
Prelim W Mexico Lupita Godinez
36%
Early Prelim M USA Marquel Mederos
36%
Prelim W USA Tatiana Suarez
36%
No matching quizzes found
Score Distribution
Percent of People with Each Score
Percentile by Number Answered
Your Score History
You have not taken this quiz